| 000 | 00488nam a2200205Ia 4500 | ||
|---|---|---|---|
| 003 | OSt | ||
| 005 | 20230417111914.0 | ||
| 008 | 210423s2010 xx 000 0 und d | ||
| 020 | _a9781907486630 | ||
| 040 | _cAL | ||
| 041 | _aeng | ||
| 082 | _a709.2 COXN | ||
| 100 |
_aCOX (Neil). _989239 |
||
| 245 | _aPicasso off the record. | ||
| 260 |
_aLondon _bWatkins Publishing _c2010 |
||
| 300 |
_a127 _bPB |
||
| 365 |
_b175 _cINR |
||
| 906 | _aoff ; Picasso ; record. | ||
| 942 |
_2ddc _cBK |
||
| 999 |
_c159929 _d159929 |
||